| 000 | 00748nam a2200193 i 4500 | ||
|---|---|---|---|
| 001 | 96844 | ||
| 003 | ES-MaACL | ||
| 005 | 20260519133110.0 | ||
| 007 | t| | ||
| 008 | 050701q1910 sp |||| | spa d | ||
| 100 | 1 |
_aMallet Prevost, Severo, _d1860-1948 _975807 |
|
| 245 | 1 | 0 | _aDiscurso del lic. Severo Mallet-Prevost, pronunciado en el banquete que para celebrar el Centenario de la Independencia de México, dio la Colonia mexicana de Nueva York, en la noche del 15 de septiembre de 1910... |
| 260 |
_a[S.l. : _bs.n., _c1910?] |
||
| 300 |
_a12 p. ; _c24 cm. |
||
| 546 | _aTexto en inglés y castellano. | ||
| 651 | 4 |
_aMéxico- _xHistoria- _y1810-1821, Guerra de la Independencia. _9168986 |
|
| 852 |
_aES-MaACL _j1522-F-9 |
||
| 999 |
_c96844 _d96844 |
||